01170nam a22001817a 4500003000400000005001700004008004100021020001800062040001300080082001600093100002400109245007100133264003300204300003600237500066200273650002600935650002700961OSt20210204161855.0210204b ||||| |||| 00| 0 spa d a9789584275158 cCO-MqBPB a158.1bP27r aPeterson, Jordan B. 3a12 reglas para vivir :bun antídoto al caos/cJordan B. Peterson aBogotá :bPlaneta, c2020. a510 pg.bTapa Rústicac23 cm. a¿Cuáles son las reglas esenciales para vivir que todos deberíamos conocer? Jordan B. Peterson, «el pensador más polémico e influyente de nuestro tiempo», según el Spectator, nos propone un apasionante viaje por la historia de las ideas y de la ciencia —desde las tradiciones antiguas a los últimos descubrimientos científicos— para tratar de responder a una pregunta esencial: qué información básica necesitamos para vivir en plenitud. Con humor, amenidad y espíritu divulgativo, Peterson recorre países, tiempos y culturas al mismo tiempo que reflexiona sobre conceptos como la aventura, la disciplina y la responsabilidad. 2LiteraturavAutoayuda 2LiteraturavSociologia